000 00633nam a2200181Ia 4500
008 090630s9999 xx 000 0 und d
082 _b18945
100 _aप्रभावळकर दिलीप.
245 _aअवती भवती.
_cप्रभावळकर दिलीप.
260 _bश्रीकल्प - मुंबई.
_c2000
300 _a114
600 _aप्रभावळकर दिलीप.
630 _aअवती भवती.
655 _aलघुकथा.
700 _aप्रभावळकर दिलीप.
730 _aअवती भवती.
942 _cBOOK
999 _c270801
_d270801